15 Città con più Milionari al mondo - Statistics

Statistiche generali
  • Questo quiz è stato fatto 76 volte
  • Il punteggio medio è 10 su 15
Statistiche sulle risposte
Numero di Milionari Città % Corretto
384.500 New York
100%
160.100 Parigi
94%
215.700 Londra
91%
220.600 Los Angeles
91%
114.300 Pechino
88%
292.300 Tokyo
84%
115.000 Milano
80%
110.500 Shanghai
73%
242.400 Singapore
56%
127.100 Chicago
55%
108.400 Toronto
53%
154.900 Hong Kong
50%
342.400 San Francisco
47%
152.900 Sydney
42%
112.200 Osaka/Kyoto
25%
Nessun quiz corrispondente trovato
Distribuzione punteggi
Percentuale di utenti per punteggio
Percentile per numero di risposta
I tuoi punteggi nel tempo
Non hai fatto questo quiz